|
|
|
|
| LEADER |
00000nab a2200000 a 4500 |
| 001 |
vtls008153429 |
| 003 |
SK-MaSNL |
| 005 |
20260304134717.0 |
| 008 |
250505c2005 xo mr|p|||||||000 b|slo |
| 015 |
|
|
|a SNBRB2005/05
|2 snkbucl
|
| 035 |
|
|
|a (uuid)08ac2299-54f9-4243-97d2-96cf5fdfbca3
|
| 035 |
|
|
|a urn:nbn:sk:snk-abbys6
|
| 035 |
|
|
|a (urnnbn)urn:nbn:sk:snk:ar-000o5p
|
| 038 |
|
|
|a SNKBUCL
|
| 040 |
|
|
|a SNKBUCL
|b slo
|c SNKBUCL
|e AACR2
|
| 041 |
0 |
|
|a slo
|
| 044 |
|
|
|a xo
|c SK
|
| 080 |
|
|
|a 75-051
|2 1997
|
| 080 |
|
|
|a 929 Oldenburgová, Natália
|2 1997
|
| 080 |
|
|
|a 069.6.02
|x (437.6)
|2 1997
|
| 080 |
|
|
|a 82
|2 1997
|
| 100 |
1 |
|
|a Geršiová, Eva
|4 aut
|9 367956
|
| 245 |
1 |
0 |
|a Natália Oldenburgová - neter Alexandra Sergejeviča Puškina
|c Eva Geršiová
|
| 300 |
|
|
|b Fotogr.
|
| 600 |
1 |
7 |
|a Oldenburg, Nathalie von,
|d 1854-1937
|2 snkbucl
|9 178666
|
| 610 |
2 |
7 |
|a Slovanské múzeum A. S. Puškina (Brodzany, Slovensko)
|2 snkbucl
|9 34841
|
| 773 |
0 |
|
|t Knižnica
|g Roč. 6, č. 2 (2005), s. 50-51
|x 1335-7026
|
| 850 |
|
|
|a Slovenská národná knižnica
|
| 852 |
|
|
|a Slovenská národná knižnica
|
| 856 |
4 |
1 |
|u http://www.snk.sk/images/snk/casopis_kniznica/2005/februar/50.pdf
|
| 954 |
|
|
|a odborná, vedecká literatúra pôvodná (slovenská)
|2 lita
|
| 958 |
|
|
|a article15
|
| 958 |
|
|
|a OND
|
| 958 |
|
|
|a KL
|
| 958 |
|
|
|a BC
|
| 958 |
|
|
|a RU
|
| 958 |
|
|
|a EUIPO
|
| 999 |
|
|
|c 2907848
|d 2909778
|